01437nam a2200277 a 450000100100000000500170001000800410002704000250006808200200009310000360011324500810014926000430023030000200027350000620029365000290035565000310038470000450041591000390046004900090049995201320050895201320064095201320077295201170090495201230102199900150114400000994420250129182519.0091002s2002 dr 000 j spa d aDO-SdBNPbspacBNPHU aRD863.44bC433s1 aChahín, Plinio,d1959-92488110aSalvo el insomnio :bcuentos /cPlinio Chahín, René Rodríguez Soriano. aSanto Domingo :bLa Trinitaria,c2002. a46 p. ;c23 cm. aIncluye datos biográficos de los autores en la solapas. 0aCuentos dominicanos9176 0aLiteratura dominicana.9671 aRodríguez Soriano, René,d1950-9232 aValidado. Control de calidad BNPHU aBNPD 001054708DSaGRbGRcHDd2017-10-18iLF1l0oRD863.44 C433sp9944-60r2020-06-25te. 5w2020-06-25yLFDSZPréstamo en sala 001054708DSaGRbGRcHDd2009-10-02iLF1l0oRD863.44 C433sp9944-30r2020-06-25te. 3w2020-06-25yLFDSZPréstamo en sala 001054708DSaGRbGRcHDd2009-10-02iLF1l0oRD863.44 C433sp9944-40r2020-06-25te. 4w2020-06-25yLFDSZPréstamo en sala 0010718PDaPDbPDcHDd2009-10-02iLF1l0oRD863.44 C433sp9944-10r2020-06-25w2020-06-25yLFPDZNo se presta 0010718PDaPDbPDcHDd2009-10-02iLF1l0oRD863.44 C433sp9944-20r2020-06-25te. 2w2020-06-25yLFPDZNo se presta c9703d9703